00492cam a22002051 4500001001300000003000400013005001700017008004100034010001700075035002000092040001900112042001200131050002200143100003700165245002200202260001100224300001900235500001500254999001700269sa 65008427 DLC20260227112155.0840822q19501959xx 000 0 beno  asa 65008427  a(OCoLC)16763540 aDLCcOrPSdDLC apremarc00aPK1718.M7918bT261 aMukherji, Saurindramohan,d1884-10aTabu mane rekho.  c[195-] a249 p.c22 cm. aRomanized. c65700d65700